| 000 | 00739nam a2200217 a 4500 | ||
|---|---|---|---|
| 001 | 1200 | ||
| 003 | CDMR | ||
| 005 | 20131128115042.0 | ||
| 008 | 130130s1996||||||||||||||||||||||||||||d | ||
| 020 | _a8449007100 | ||
| 040 |
_aCDMR _bcat _cCPC LLEIDA |
||
| 100 | 1 |
_aMoragas Spà, Miquel de _9475 |
|
| 245 | 1 | 0 |
_aEsport i mitjans de comunicació a Catalunya _cDaniel E. Jones, ed. ; Miquel de Moragas Spà ... [et al.] |
| 260 |
_aBarcelona _bCentre d'Investigació de la Comunicació |
||
| 260 |
_c1996 _bCentre d'Estudis Olímpics i de l'Esport |
||
| 300 | _a168 p. | ||
| 650 | 0 | 4 |
_91696 _aPremsa esportiva _zCatalunya |
| 650 | 0 | 4 |
_93471 _aMitjans de comunicació de massa i esport |
| 700 | 1 |
_9943 _aJones, Daniel Evan _eed. |
|
| 942 |
_cMON _2ddc |
||
| 999 |
_c1200 _d1200 |
||